000 01217nam a22003377a 4500
001 326
003 OSt
005 20250528074018.0
008 250327b |||||||e |||| 00| f eng d
020 _a9788525034663
040 _bpor
041 _heng
_apor
082 _a823
_bH986c
100 1 _aHuxley, Aldous,
_d1894-1963
_9660
240 _aPoint counter point
245 _aContraponto /
_cHuxley, Aldous ; Tradução de Érico Veríssimo e Leonel Vallandro
260 _aSão Paulo
_bAbril
_c1971
300 _a445 p.
490 1 _aOs Imortais da Literatura Universal
520 _aRetrato da decadência dos valores que vigoravam antes do fim da Primeira Guerra Mundial, "Contraponto" mostra uma sociedade que busca novos rumos mas não tem coragem de romper com o passado.
650 0 _aLiteratura Inglesa
_989
650 0 _aPrimeira Guerra Mundial
_9663
650 0 _aCiência X Religião
_9664
650 0 _aCrítica social
_9514
655 0 _aRomance
_923
655 0 _aFicção
_922
700 1 _aVeríssimo, Érico,
_d1905-1975
_eTRADUTOR
_9521
700 _aVallandro, Leonel.
_d1907- 1989
_eTRADUTOR
_9669
830 _aOs Imortais da Literatura Universal
_9461
_vvol. 25
942 _2ddc
_n0
_cBK
999 _c326
_d326